Estadísticas para Estados grandes limítrofes con estados pequeños

Haz click aquí para tomar la prueba!

Estadísticas generales

  • Esta prueba ha sido tomada 67 veces
  • La puntuación promedio es 9 de 14

Estadísticas de respuestas

Respuesta% Correcto
Texas
87%
Nueva York
83%
Nueva Jersey
70%
Rhode Island
70%
Connecticut
65%
Delaware
65%
Massachusetts
65%
Vermont
65%
Maryland
61%
Pensilvania
61%
Arkansas
57%
Luisiana
48%
Virginia
48%
Oklahoma
43%

Distribución de puntuación

Porcentaje por número respondido

Porcentaje de gente con cada puntuación

Historial de tus puntuaciones

No has tomado esta prueba